Nominations of Christopher Padilla, Christina Pearson, and Benjamin Sasse : hearing before the Committee on Finance, United States Senate, One Hundred Tenth Congress, first session, on the nominations of Hon. Christopher A. Padilla, to be Under Secretary, International Trade, Department of Commerce; Christina H. Pearson, to be Assistant Secretary, Public Affairs, Department of Health and Human Services; and Dr. Benjamin Sasse, to be Assistant Secretary, Planning and Evaluation, Department of Health and Human Services, November 1, 2007.

Bibliographic Details
Corporate Author: United States. Congress. Senate. Committee on Finance
Format: Government Document eBook
Language:English
Published: Washington : U.S. G.P.O., 2007.
Series:S. hrg. ; 110-858
Subjects:
Online Access:https://purl.fdlp.gov/GPO/FDLP1431

MARC

Tag First Indicator Second Indicator Subfields
LEADER 00000cam a2200000 a 4500
001 in00002530321
005 20211202184743.0
006 m d f
007 cr bn|||||||||
008 091002s2007 dcu s f000 0 eng c
035 |a (OCoLC)ocn444585019 
037 |a 552-070-39529-6  |b GPO  |f paper 
040 |a GPO  |c GPO  |d GPO  |d OCLCA  |d GPO  |d MvI  |d UtOrBLW 
042 |a pcc 
043 |a n-us--- 
049 |a WWW 
050 1 4 |a KF26  |b .F5 2007zh 
074 |a 1038-C (online) 
086 0 |a Y 4.F 49:S.HRG.110-858 
110 1 |a United States.  |b Congress.  |b Senate.  |b Committee on Finance. 
245 1 0 |a Nominations of Christopher Padilla, Christina Pearson, and Benjamin Sasse :  |b hearing before the Committee on Finance, United States Senate, One Hundred Tenth Congress, first session, on the nominations of Hon. Christopher A. Padilla, to be Under Secretary, International Trade, Department of Commerce; Christina H. Pearson, to be Assistant Secretary, Public Affairs, Department of Health and Human Services; and Dr. Benjamin Sasse, to be Assistant Secretary, Planning and Evaluation, Department of Health and Human Services, November 1, 2007. 
264 1 |a Washington :  |b U.S. G.P.O.,  |c 2007. 
300 |a 1 online resource (iii, 97 pages) 
336 |a text  |b txt  |2 rdacontent 
337 |a computer  |b c  |2 rdamedia 
338 |a online resource  |b cr  |2 rdacarrier 
490 1 |a S. hrg. ;  |v 110-858 
500 |a Title from title screen (viewed on Oct,. 2, 2009). 
500 |a Paper version available for sale by the Supt. of Docs., U.S. G.P.O. 
500 |a Electronic resource. 
600 1 0 |a Padilla, Christopher A.  |q (Christopher Alan),  |d 1964- 
600 1 0 |a Pearson, Christina H.  |q (Christina Hampton),  |d 1973- 
600 1 0 |a Sasse, Benjamin E. 
610 1 0 |a United States.  |b Department of Commerce  |x Officials and employees  |x Selection and appointment. 
610 1 0 |a United States.  |b Department of Health and Human Services  |x Officials and employees  |x Selection and appointment. 
776 0 8 |i Print version:  |a United States. Congress. Senate. Committee on Finance.  |t Nominations of Christopher Padilla, Christina Pearson, and Benjamin Sasse  |h iii, 97 p.  |w (DLC) 2009416819  |w (OCoLC)429915002 
776 0 8 |i Microfiche:  |a United States. Congress. Senate. Committee on Finance.  |t Nominations of Christopher Padilla, Christina Pearson, and Benjamin Sasse  |h iii, 97 p.  |w (OCoLC)502004407 
810 1 |a United States.  |b Congress.  |b Senate.  |t S. hrg. ;  |v 110-858. 
856 4 0 |u https://purl.fdlp.gov/GPO/FDLP1431  |t 0 
999 |a MARS 
999 f f |s 46c504d5-d28e-35fe-aa0d-fbed9872a4ea  |i 4b94f331-b56f-3878-b6af-411e0aa7b2e4  |t 0 
952 f f |a Texas A&M University  |b College Station  |c Electronic Resources  |d Available Online  |t 0  |e Y 4.F 49:S.HRG.110-858  |h Superintendent of Documents classification 
998 f f |a Y 4.F 49:S.HRG.110-858  |t 0  |l Available Online